Dynamický ekonomický systém teoreticko-metodologické východiská skúmania dynamického ekonomického systému

Gespeichert in:
Bibliographische Detailangaben
1. Verfasser: Volner, Štefan
Format: Buch
Sprache:Slowakisch
Veröffentlicht: Bratislava IRIS 2012
Schlagworte:
Tags: Tag hinzufügen
Keine Tags, Fügen Sie das erste Tag hinzu!

MARC

LEADER 00000nam a2200000 4500
001 0150036
005 20240314094247.1
020 |a 978-80-89256-77-8 
041 0 |a slo 
044 |a SK 
245 1 0 |a Dynamický ekonomický systém  |b teoreticko-metodologické východiská skúmania dynamického ekonomického systému  |c Štefan Volner 
264 1 |a Bratislava  |b IRIS  |c 2012 
300 |a 169 s. 
610 2 0 |a systémy ekonomické 
610 2 0 |a vývoj 
610 2 0 |a nerovnováha hospodárska 
610 2 0 |a zákony ekonomické 
100 1 |a Volner, Štefan